| 000 | 00717cam a2200253 i 4500 | ||
|---|---|---|---|
| 001 | 41361 | ||
| 005 | 20230410143152.0 | ||
| 008 | 070830b1998 ilua 000 0 spa | ||
| 010 | _a | ||
| 020 | _a | ||
| 035 | _a | ||
| 040 | _a | ||
| 041 | 0 | _aspa | |
| 050 | 1 | 4 | _abM491r 1998 |
| 100 | 1 | _aMedina Garnes, Fabiola | |
| 111 | _aFundación Institucionalidad y Justicia | ||
| 245 | 0 | 0 |
_aEl Rol de las Regulaciones en el Futuro de las Telecomunicaciones en la Republica Dominicana/ _cFabiola Medina Garnes |
| 260 |
_aSanto Domingo, República Dominicana: _bAmigo del Hogar, _c1998 |
||
| 300 |
_a38p. : _b; _c |
||
| 440 | 0 | _aColección Ensayos | |
| 490 | 1 | _aSerie Empresarial | |
| 856 | 4 | 2 |
_3 _u |
| 942 |
_2lcc _cbk |
||
| 999 |
_c96993 _d96993 |
||